000 01160nas a2200289 4500
001 BR9202704
003 BR-BrBNA
005 20231205092533.0
007 ta
008 230509b bl.|||p| |||| 00| 00por d
040 _aBR-BrBNA
_bpor
_cBiblioteca Nacional de Agricultura
041 _a(En)
072 _aL50; M11
100 1 _aSuzuki, H.
100 1 _aPhan, V.N.
245 1 _aElectrophoretic study on intraspecific variations and interspecific relationships of marine catfishes (Siluriformes, Ariidae)of Cananeia (Sao Paulo, Brazil). 1: general proteins of eye-lens and skeletic muscle
246 1 _aElectrophoretic study on intraspecific variations and interspecific relationships of marine catfishes (Siluriformes, Ariidae)of Cananeia (Sao Paulo, Brazil). 1: general proteins of eye-lens and skeletic muscle
650 _aBAGRE
650 _aELETROFORESE
650 _aPROTEINA
650 _aMUSCULO
650 _aANALISE QUIMICA
650 _aSAO PAULO
773 0 _tBoletim do Instituto Oceanografico (Brazil)
_xISSN 0373-5524
_g(1990), v. 38(1) p. 31-42
_wBR9202704
909 _a202311
_bLúcia
_c55
_dLúcia Elande
942 _2AGRIS
_n0
_cANA
999 _c132407
_d132407